000 nam a22 7a 4500
999 _c10458
_d10458
008 180217b ||||| |||| 00| 0 eng d
100 _aAgarwal,N.etal.
_96388
245 _aTogether with Functional English-XII
260 _aNee Delhi
_bRachna Sagar
_c2006